| 000 | 00436nam a2200181Ia 4500 | ||
|---|---|---|---|
| 001 | 4922 | ||
| 005 | 20260306145830.0 | ||
| 008 | 260306t2005||||xx |||||||||||||| ||spa|| | ||
| 041 | _aESP | ||
| 082 |
_a331.257 _bY915 |
||
| 100 |
_aYamada, Gustavo _eAUT |
||
| 245 | 0 |
_aHoras de trabajo: _bdeterminantes y dinĂ¡mica en el PerĂº urbano |
|
| 260 | _c2005 | ||
| 300 |
_a _c |
||
| 650 | _aGEN | ||
| 654 | _aCAN | ||
| 942 |
_cLIB _dJUS _fJUS _2ddc _n |
||
| 999 |
_c4922 _d4922 |
||